000 00336 a2200157 4500
001 47237
020 _a9788574063591 (broch.)
040 _cAnchieta - Aquarius
100 _aFisher, Jeff
240 1 0 _aCabelos
_lpor
245 1 0 _aCabelos
300 _a28p.
362 0 _a2009
650 4 _aLiteratura infanto-juvenil
942 _cBK
999 _c47237
_d47237